| 000 | 00335nam a22001457a 4500 | ||
|---|---|---|---|
| 020 | _a978-81-8204-087-8 | ||
| 082 |
_a641 _bMAN |
||
| 100 | _aMANGAL, RAKESH | ||
| 245 | _aFOOD PRODUCTION THEORY | ||
| 260 |
_aDELHI _bAMAN PUBLISHER _c2015 |
||
| 300 | _a412 | ||
| 650 | _aFOOD PRODUCTION | ||
| 653 | _aFOOD, PRODUCTION | ||
| 942 |
_2ddc _cBK |
||
| 999 |
_c8130 _d8130 |
||